000 01062cam a22003257a 4500
003 CHAP
005 20220329133423.0
008 971013s1988 r 00010 d
010 _a6173
011 _a7145
035 _a6368
040 _cCHAP
090 _aTesis
100 0 0 _aCupul Noh, Eduardo.
_930502
245 1 3 _aLa producción de chile jalapeño (Capsicum annuum L.) en el municipio Othon P. Blanco, Quintana Roo
260 _aChapingo, Méx. :
_bEl autor,
_c1988
300 _a96 h.
500 _a61-64
502 _aTesis (Ing. Agr. Esp. en Fitotecnia) -- UACH. Departamento de Fitotecnia
590 _aALEPH
_b10
_c20130110
_lUCH01
_h1217
590 _aBATCH-UPD
_b10
_c20130110
_lUCH01
_h2127
590 _aBATCH-UPD
_b10
_c20130410
_lUCH01
_h1436
590 _aBATCH-UPD
_b10
_c20130914
_lUCH01
_h0924
590 _aCONVERSION
_b10
_c20130109
_lUCH01
_h1304
650 1 4 _aChile jalapeño
_xRendimiento.
_922436
650 1 4 _aHorticultura
_xQuintana Roo.
_956366
901 _aBK
942 _cTESIS
949 _bBC
_cTES
_d-15969
_eTS1
_h26056
_i6368
_si
999 _c6173
_d6173